[Event "Vienna Husek op-B"]
[Site "Vienna"]
[Date "2012.08.16"]
[Round "4"]
[White "Dolinar, Matic"]
[Black "Gibicar, Miran"]
[Result "0-1"]
[WhiteElo "1753"]
[BlackElo "1669"]
[PlyCount "88"]
[EventDate "2012.08.13"]
[EventType "swiss"]
[EventRounds "7"]
[EventCountry "AUT"]
[SourceTitle "EXT 2014"]
[Source "ChessBase"]
[SourceDate "2013.11.20"]
[SourceVersion "1"]
[SourceVersionDate "2013.11.20"]
[SourceQuality "1"]

1. e4 c5 2. Nf3 d6 3. d4 cxd4 4. Nxd4 Nf6 5. Nc3 g6 6. Be2 Bg7 7. 0-0 Nc6 8. Nxc6 bxc6 9. f4 Qb6+ 10. Kh1 0-0 11. g4 Bb7 12. Qd3 Rac8 13. g5 Nd7 14. Rb1 Nc5 15. Qg3 Bxc3 16. Qxc3 Nxe4 17. Qf3 Nd2 18. Qh3 Nxf1 19. Qxf1 c5+ 20. Kg1 c4+ 21. Qf2 Qxf2+ 22. Kxf2 Be4 23. Bd1 f5 24. Be3 e5 25. Rc1 c3 26. b3 Rfe8 27. Bf3 Bxf3 28. Kxf3 e4+ 29. Kf2 Kf7 30. a4 a6 31. Rd1 Ke6 32. Bd4 Rc6 33. Ke3 Re7 34. h4 Rc8 35. Kf2 Rd7 36. Ke3 Rdc7 37. Kf2 Rb7 38. Bf6 Rb6 39. Ke3 Rcc6 40. Bh8 Rb7 41. Bf6 h6 42. Rd4 hxg5 43. Bxg5 Rxb3 44. h5 gxh5 0-1

[Event "Stuttgart-chB int"]
[Site "Ditzingen"]
[Date "2009.05.21"]
[Round "2"]
[White "Hartmann, Anatoli"]
[Black "Gibicar, Miran"]
[Result "0-1"]
[WhiteElo "1642"]
[BlackElo "1438"]
[PlyCount "144"]
[EventDate "2009.05.21"]
[EventType "swiss"]
[EventRounds "7"]
[EventCountry "GER"]
[SourceTitle "EXT 2018"]
[Source "ChessBase"]
[SourceDate "2017.10.13"]
[SourceVersion "1"]
[SourceVersionDate "2017.10.13"]
[SourceQuality "1"]

1. d4 Nf6 2. Bf4 h6 3. e3 d6 4. Nc3 g6 5. Nf3 Bg7 6. Bd3 Nh5 7. Bg3 Nxg3 8. hxg3 b6 9. Qe2 a5 10. Nh4 Ba6 11. Qf3 Bxd3 12. Qxa8 Bxc2 13. Qb7 c6 14. Rc1 Bd3 15. Na4 b5 16. Nb6 0-0 17. Rc3 Bf5 18. Nxf5 gxf5 19. Rd3 e5 20. dxe5 Bxe5 21. Rxh6 Qg5 22. Rh3 Bxb2 23. Rxd6 Bc3+ 24. Ke2 Qg4+ 25. f3 Qb4 26. Rd1 Qb2+ 27. Kf1 Qc2 28. Re1 Qd2 29. Re2 Qd1+ 30. Kf2 Rd8 31. Rh7 Bg7 32. Rxg7+ Kxg7 33. Nc8 Nd7 34. Qxc6 Ne5 35. Qc3 Kg6 36. Rd2 Rxc8 37. Rd6+ Qxd6 38. Qxc8 Qd2+ 39. Kg1 Qxe3+ 40. Kh1 Qh6+ 41. Kg1 Qe3+ 42. Kh1 Qh6+ 43. Kg1 Qg7 44. Qa6+ Qf6 45. Qxb5 Nc6 46. a4 Qd6 47. Kh2 f4 48. g4 f6 49. Qf5+ Kg7 50. g5 fxg5 51. Qxg5+ Qg6 52. Qb5 Kh6 53. Qc5 Qh5+ 54. Qxh5+ Kxh5 55. g3 Ne5 56. gxf4 Nd3 57. Kg2 Nb2 58. Kf2 Nxa4 59. Ke2 Nb6 60. Kd2 a4 61. Kc2 Kg6 62. Kb2 Kf5 63. Ka3 Kxf4 64. Kb4 Kxf3 65. Ka3 Ke3 66. Ka2 Kd3 67. Kb2 Kc4 68. Ka3 Kc3 69. Ka2 Nc4 70. Ka1 Kb3 71. Kb1 Na3+ 72. Ka1 Nc2+ 0-1